00628nam a2200205 a 450000100060000000300080000600500170001400800410003103500190007204000370009104100110012808200270013910000340016624501030020026000270030330000210033065000260035165000190037770000260039622498BD-RjUL20211209000820.0500101s1928 xx 000 0 eng d a(BD-RjUL)22563 aTLMcTLMdOSUdEQOdBD-RjULbeng1 aengheb 223a221.9505bMEB 19281 aMeyouhas, Joseph,d1868-1942.10aBible tales in Arab folk-lore /cby Joseph Meyouhas ; translated from the Hebrew by Victor N. Levi aLondon :bKnopf,c1928 a240 p. ;c19 cm. aBible stories, Arabic aFolklorezArab aLevi, Victor N. , tr.